[Event "4NCL Division 3 North"]
[Site "Wakefield, ENG"]
[Date "2017.05.01"]
[Round "11.11"]
[White "Polaczek, Richard"]
[Black "O'Gorman, Tom"]
[Result "1/2-1/2"]
[WhiteElo "2411"]
[BlackElo "2229"]
[PlyCount "94"]
[EventDate "2017.05.01"]
[WhiteTeam "Manchester Manticores 1"]
[BlackTeam "Enniscorthy"]

1. d4 Nf6 2. Nf3 g6 3. Bg5 Bg7 4. Nbd2 O-O 5. c3 h6 6. Bh4 d6 7. e4 Nbd7 8. Bd3
e5 9. O-O c6 10. a4 Qc7 11. Re1 Nh5 12. Qc2 Nf4 13. Bf1 Re8 14. a5 Nf6 15. dxe5
dxe5 16. Nc4 Bg4 17. Nfd2 b5 18. axb6 axb6 19. f3 Be6 20. Bf2 Nd7 21. b4 b5 22.
Ne3 Bf8 23. Qb2 Qb7 24. Nb3 Reb8 25. Na5 Qc7 26. Rad1 Nc5 27. Nc2 Rd8 28. Rxd8
Rxd8 29. bxc5 Qxa5 30. Nb4 Qc7 31. Ra1 h5 32. Qa3 Qe7 33. Nxc6 Qg5 34. h4 Nh3+
35. Kh2 Qf4+ 36. Bg3 Qe3 37. Bc4 Bxc5 38. Qc1 Rd2 39. Bxe6 Nf4 40. Bh3 Ne2 41.
Qe1 f6 42. Rd1 Rxd1 43. Qxd1 Nxg3 44. Be6+ Kg7 45. Qd7+ Kh6 46. Qd8 Qg1+ 47.
Kh3 Qh1+ 1/2-1/2

[Event "4NCL Division 3 North"]
[Site "Wakefield, ENG"]
[Date "2017.05.01"]
[Round "11.12"]
[White "O'Gorman, Alice"]
[Black "Jaunooby, Ali R"]
[Result "0-1"]
[WhiteElo "1906"]
[BlackElo "2260"]
[PlyCount "66"]
[EventDate "2017.05.01"]
[WhiteTeam "Enniscorthy"]
[BlackTeam "Manchester Manticores 1"]

1. e4 c5 2. Nf3 d6 3. d4 cxd4 4. Nxd4 Nf6 5. Nc3 a6 6. Be3 e5 7. Nb3 Be6 8. f3
Nbd7 9. Qd2 b5 10. Be2 Nb6 11. O-O b4 12. Nd1 d5 13. exd5 Nbxd5 14. Bf2 Qc7 15.
Ne3 Nf4 16. Rfd1 Be7 17. Rac1 O-O 18. c3 Qb8 19. Bf1 a5 20. Nc2 Rc8 21. Rb1 Qc7
22. Be1 a4 23. Nba1 Rd8 24. Qc1 Bxa2 25. Nxb4 Bxb1 26. Qxb1 Bc5+ 27. Kh1 Ba7
28. Bg3 N6h5 29. Bxf4 exf4 30. Bd3 Qc5 31. h3 g6 32. Nac2 Qf2 33. Nc6 Rxd3 0-1

[Event "4NCL Division 3 North"]
[Site "Wakefield, ENG"]
[Date "2017.05.01"]
[Round "11.13"]
[White "Jayawarna, Nugith"]
[Black "Plaza Reino, Mercedes"]
[Result "1/2-1/2"]
[WhiteElo "2155"]
[BlackElo "1771"]
[PlyCount "111"]
[EventDate "2017.05.01"]
[WhiteTeam "Manchester Manticores 1"]
[BlackTeam "Enniscorthy"]

1. c4 e5 2. g3 Nf6 3. Bg2 d5 4. cxd5 Nxd5 5. Nc3 Nb6 6. Nf3 Nc6 7. O-O Be7 8.
a3 Be6 9. b4 a5 10. b5 Nd4 11. Rb1 f6 12. d3 O-O 13. Nd2 Ra7 14. h3 Qd7 15. Kh2
Rd8 16. a4 Bb4 17. Bb2 Qf7 18. Ba1 Nd7 19. Nce4 b6 20. e3 Nf5 21. Qc2 Nc5 22.
Nxc5 Bxc5 23. Rfc1 Ne7 24. Ne4 Bb4 25. Bc3 Nd5 26. Bb2 Qe7 27. Nc3 Qd7 28. Nxd5
Bxd5 29. Bxd5+ Qxd5 30. d4 exd4 31. Bxd4 Bd6 32. Qc4 Qf7 33. Qxf7+ Kxf7 34. Rc6
Rb7 35. Kg2 Rd7 36. f4 Rb8 37. Kf3 Re8 38. Rb2 Bb4 39. Rbc2 Bd6 40. Re2 Bb4 41.
Rc4 Red8 42. Rec2 Bd6 43. Ke2 Re8 44. Rd2 Bb4 45. Rd3 Red8 46. Rc1 Bc5 47. Rcd1
Bxd4 48. Rxd4 Rxd4 49. Rxd4 Rxd4 50. exd4 Ke6 51. Kd3 Kd5 52. f5 h5 53. h4 Kd6
54. Ke4 Ke7 55. Kd5 Kd7 56. Kc4 1/2-1/2

[Event "4NCL Division 3 North"]
[Site "Wakefield, ENG"]
[Date "2017.05.01"]
[Round "11.14"]
[White "Pocevicius, Dovydas"]
[Black "Mazek, Marek"]
[Result "0-1"]
[WhiteElo "1692"]
[BlackElo "2110"]
[PlyCount "54"]
[EventDate "2017.05.01"]
[WhiteTeam "Enniscorthy"]
[BlackTeam "Manchester Manticores 1"]

1. e4 c5 2. d4 cxd4 3. c3 Nf6 4. e5 Nd5 5. cxd4 e6 6. Nf3 Nc6 7. Bd3 d6 8. O-O
dxe5 9. dxe5 Be7 10. Nc3 Nxc3 11. bxc3 O-O 12. Qe2 Qc7 13. Qe4 g6 14. Re1 Rd8
15. Bf4 b6 16. Rad1 Bb7 17. Qe2 Na5 18. Ng5 Qxc3 19. h4 Rd4 20. Bg3 Bxg5 21.
hxg5 Rad8 22. Bb1 Kg7 23. Rxd4 Rxd4 24. f3 Rd2 25. Qf1 Qb2 26. Rd1 Nc4 27. Bf4
Qd4+ 0-1

[Event "4NCL Division 3 North"]
[Site "Wakefield, ENG"]
[Date "2017.05.01"]
[Round "11.15"]
[White "Kay, Lee P"]
[Black "Kildea, Robbie"]
[Result "1-0"]
[WhiteElo "2102"]
[BlackElo "1729"]
[PlyCount "63"]
[EventDate "2017.05.01"]
[WhiteTeam "Manchester Manticores 1"]
[BlackTeam "Enniscorthy"]

1. f4 g6 2. Nf3 Bg7 3. g3 c5 4. Bg2 Nc6 5. O-O d6 6. d3 Bd7 7. c3 Qb6 8. e4 Nf6
9. Qe2 O-O 10. Na3 e6 11. Nc4 Qc7 12. e5 Ne8 13. d4 cxd4 14. cxd4 Rc8 15. b3 b5
16. Ne3 Qb6 17. Rd1 f6 18. Kh1 Qc7 19. Bb2 fxe5 20. dxe5 dxe5 21. fxe5 Nxe5 22.
Rac1 Nc6 23. Ba3 Rf7 24. Ng5 Rf6 25. Ng4 Qa5 26. Bc5 Rf5 27. Rxd7 Rxg5 28.
Qxe6+ Kh8 29. Bxc6 Rxg4 30. Re7 Nd6 31. Bxd6 Rg8 32. Re8 1-0

[Event "4NCL Division 3 North"]
[Site "Wakefield, ENG"]
[Date "2017.05.01"]
[Round "11.16"]
[White "Copeland, Dean"]
[Black "Hamer, Martyn"]
[Result "1/2-1/2"]
[WhiteElo "1571"]
[BlackElo "2050"]
[PlyCount "62"]
[EventDate "2017.05.01"]
[WhiteTeam "Enniscorthy"]
[BlackTeam "Manchester Manticores 1"]

1. e4 e5 2. d4 exd4 3. c3 d5 4. exd5 Qxd5 5. cxd4 Nc6 6. Nf3 Bg4 7. Be2 Bb4+ 8.
Nc3 Nf6 9. O-O Bxc3 10. bxc3 O-O 11. Qc2 Rfe8 12. Be3 Rad8 13. Rfd1 Bf5 14. Bd3
Bxd3 15. Qxd3 h6 16. h3 b6 17. c4 Qh5 18. a3 Nxd4 19. Nxd4 c5 20. Qe2 cxd4 21.
Qxh5 Nxh5 22. Rxd4 Rxd4 23. Bxd4 Re4 24. Rd1 Nf4 25. Be3 Ne2+ 26. Kh2 Rxc4 27.
Rd8+ Kh7 28. Rd7 Ra4 29. Rxf7 Rxa3 30. g3 Kg6 31. Rd7 Kf6 1/2-1/2

[Event "4NCL Division 3 North"]
[Site "Wakefield, ENG"]
[Date "2017.05.01"]
[Round "11.21"]
[White "Lupulescu, Constantin"]
[Black "Levens, David G"]
[Result "1-0"]
[WhiteElo "2616"]
[BlackElo "1954"]
[PlyCount "63"]
[EventDate "2017.05.01"]
[WhiteTeam "Manx Liberty"]
[BlackTeam "Ashfield Breadsall 2"]

1. e4 c5 2. Nf3 d6 3. Bb5+ Bd7 4. Bxd7+ Qxd7 5. c4 g6 6. d4 Bg7 7. d5 Na6 8.
O-O Nc7 9. Re1 O-O-O 10. a3 h6 11. Ra2 e6 12. b4 exd5 13. exd5 g5 14. bxc5 dxc5
15. Bb2 f6 16. Nc3 h5 17. Nd2 f5 18. Na4 b6 19. Nf3 g4 20. Ne5 Bxe5 21. Bxe5
Rh6 22. Nc3 Nf6 23. a4 Na6 24. Qd2 Qh7 25. a5 Nb4 26. axb6 a6 27. Ra5 Nd7 28.
Bf4 Rxb6 29. Na4 Rb7 30. Nxc5 Rb6 31. Ne6 Re8 32. c5 1-0

[Event "4NCL Division 3 North"]
[Site "Wakefield, ENG"]
[Date "2017.05.01"]
[Round "11.22"]
[White "Somton, Anita"]
[Black "Galyas, Miklos"]
[Result "0-1"]
[WhiteElo "1952"]
[BlackElo "2491"]
[PlyCount "42"]
[EventDate "2017.05.01"]
[WhiteTeam "Ashfield Breadsall 2"]
[BlackTeam "Manx Liberty"]

1. d4 d6 2. c4 e5 3. dxe5 dxe5 4. Qxd8+ Kxd8 5. Nf3 f6 6. e4 Be6 7. Bd2 c6 8.
Nc3 Nd7 9. b3 a5 10. a3 Ne7 11. Be3 Nc8 12. Be2 Ncb6 13. Nd2 Bc5 14. O-O Bxe3
15. fxe3 Nc5 16. b4 Nca4 17. Nxa4 Nxa4 18. Nb3 Kc7 19. Nxa5 Nc3 20. Bf3 b6 21.
Rac1 Na2 0-1

[Event "4NCL Division 3 North"]
[Site "Wakefield, ENG"]
[Date "2017.05.01"]
[Round "11.23"]
[White "Kolbus, Dietmar"]
[Black "Flynn, David"]
[Result "1-0"]
[WhiteElo "2308"]
[BlackElo "1872"]
[PlyCount "95"]
[EventDate "2017.05.01"]
[WhiteTeam "Manx Liberty"]
[BlackTeam "Ashfield Breadsall 2"]

1. c4 c5 2. Nf3 Nc6 3. d4 cxd4 4. Nxd4 e6 5. Nc3 Qb6 6. Nb3 Bb4 7. Be3 Qc7 8.
Rc1 Nf6 9. a3 Bxc3+ 10. Rxc3 d5 11. f3 O-O 12. Bf2 dxc4 13. Rxc4 e5 14. e4 Be6
15. Rc3 Rfd8 16. Bd3 Nd7 17. O-O f6 18. Qc2 Qd6 19. Bb5 Ndb8 20. Rd3 Qe7 21.
Rxd8+ Nxd8 22. Nc5 Bf7 23. Rd1 a6 24. Bc4 Ndc6 25. Bxf7+ Qxf7 26. Rd5 h6 27. h4
b5 28. Nd7 Ne7 29. Nxe5 fxe5 30. Rd8+ Kh7 31. Qc7 Qf6 32. Rxb8 Rxb8 33. Qxb8
Ng6 34. Bg3 Nf4 35. Qc7 Ne2+ 36. Kf2 Nxg3 37. Kxg3 Qf4+ 38. Kh3 Qf6 39. Qd7 Kh8
40. Qc8+ Kh7 41. Qf5+ Qxf5+ 42. exf5 Kg8 43. g4 Kf7 44. Kg3 Ke7 45. Kf2 Kd6 46.
Ke3 Kd5 47. b4 Kc6 48. Ke4 1-0

[Event "4NCL Division 3 North"]
[Site "Wakefield, ENG"]
[Date "2017.05.01"]
[Round "11.24"]
[White "Ukken, Somton"]
[Black "Ottosen, David"]
[Result "0-1"]
[WhiteElo "1875"]
[BlackElo "2079"]
[PlyCount "68"]
[EventDate "2017.05.01"]
[WhiteTeam "Ashfield Breadsall 2"]
[BlackTeam "Manx Liberty"]

1. d4 d5 2. c4 c6 3. Nc3 e6 4. Nf3 dxc4 5. a4 Bb4 6. e3 b5 7. Bd2 Bb7 8. b3
Bxc3 9. Bxc3 a5 10. bxc4 b4 11. Bb2 Nf6 12. Bd3 Nbd7 13. e4 c5 14. d5 exd5 15.
exd5 Qe7+ 16. Be2 O-O 17. O-O Ne8 18. Re1 f6 19. Qc2 Nd6 20. Bd3 Qd8 21. Bxh7+
Kh8 22. Qg6 Re8 23. Qh5 Rxe1+ 24. Rxe1 Nf8 25. Bd3+ Kg8 26. Nh4 Qd7 27. Nf5 Re8
28. Rxe8 Qxe8 29. Qg4 Nxf5 30. Qxf5 Qxa4 31. Qg4 Qd7 32. Bf5 Qe7 33. h3 a4 34.
d6 Qxd6 0-1

[Event "4NCL Division 3 North"]
[Site "Wakefield, ENG"]
[Date "2017.05.01"]
[Round "11.25"]
[White "Fabri, Henrik"]
[Black "Hill, Maurice J"]
[Result "1-0"]
[WhiteElo "1941"]
[BlackElo "1825"]
[PlyCount "51"]
[EventDate "2017.05.01"]
[WhiteTeam "Manx Liberty"]
[BlackTeam "Ashfield Breadsall 2"]

1. e4 c5 2. c3 d6 3. d4 Nd7 4. Nf3 Qc7 5. Bc4 e6 6. Bb3 a6 7. O-O Ngf6 8. Re1
c4 9. Bc2 e5 10. b3 Be7 11. bxc4 Qxc4 12. Ba3 Qc7 13. Qd3 O-O 14. Nbd2 b5 15.
Rac1 Nb6 16. Bb3 Nh5 17. g3 Rd8 18. c4 bxc4 19. Nxc4 Nxc4 20. Rxc4 Qd7 21. dxe5
Qg4 22. Qe3 Be6 23. Rc7 Bxb3 24. axb3 Qe6 25. Nd4 Qxe5 26. Nc6 1-0

[Event "4NCL Division 3 North"]
[Site "Wakefield, ENG"]
[Date "2017.05.01"]
[Round "11.26"]
[White "Graham, Neil"]
[Black "Costello, John"]
[Result "1/2-1/2"]
[WhiteElo "1814"]
[BlackElo "1698"]
[PlyCount "45"]
[EventDate "2017.05.01"]
[WhiteTeam "Ashfield Breadsall 2"]
[BlackTeam "Manx Liberty"]

1. e4 d5 2. d4 dxe4 3. Nc3 Nf6 4. f3 Bf5 5. fxe4 Nxe4 6. Qf3 Nd6 7. Bf4 e6 8.
Bxd6 Bxd6 9. Qxb7 Nd7 10. Bb5 O-O 11. Nf3 Bxc2 12. Rc1 Bg6 13. O-O Nb6 14. Qa6
Qc8 15. Qa5 c6 16. Ba6 Qd7 17. Qg5 h6 18. Qe3 Nd5 19. Nxd5 cxd5 20. a3 Qa4 21.
Be2 a5 22. Nh4 Be4 23. Nf3 1/2-1/2

[Event "4NCL Division 3 North"]
[Site "Wakefield, ENG"]
[Date "2017.05.01"]
[Round "11.31"]
[White "Jessel, Stephen"]
[Black "Timson, Paul F"]
[Result "1-0"]
[WhiteElo "2385"]
[BlackElo "2065"]
[PlyCount "101"]
[EventDate "2017.05.01"]
[WhiteTeam "Gonzaga"]
[BlackTeam "Manchester Manticores 2"]

1. Nf3 g6 2. e4 Bg7 3. d4 d6 4. Nc3 Nf6 5. h3 O-O 6. Be3 Nbd7 7. a4 b6 8. Bd3
Bb7 9. a5 bxa5 10. O-O c5 11. d5 Nb6 12. Nd2 e6 13. dxe6 fxe6 14. Nb3 c4 15.
Nxa5 cxd3 16. Nxb7 Qc7 17. Na5 dxc2 18. Qxc2 Rac8 19. Qb3 Nc4 20. Nb5 Nxa5 21.
Qxe6+ Qf7 22. Qxf7+ Rxf7 23. Nxd6 Nb3 24. Nxc8 Nxa1 25. Rxa1 Nxe4 26. Ra4 Rc7
27. Nxa7 Nc5 28. Rb4 Rxa7 29. Bxc5 Ra1+ 30. Kh2 Be5+ 31. g3 Rb1 32. b3 h5 33.
Re4 Bf6 34. b4 Kf7 35. h4 Rb3 36. Kg2 g5 37. hxg5 Bxg5 38. Kf1 Rb2 39. Ke1 Kg6
40. Kd1 Kf5 41. Re2 Rb1+ 42. Kc2 Rc1+ 43. Kb2 Rc4 44. Kb3 Rc1 45. Rc2 Rxc2 46.
Kxc2 h4 47. gxh4 Bxh4 48. Kd3 Bf6 49. b5 Kf4 50. Bd6+ Kf3 51. b6 1-0

[Event "4NCL Division 3 North"]
[Site "Wakefield, ENG"]
[Date "2017.05.01"]
[Round "11.32"]
[White "Mulleady, Peter J"]
[Black "Delaney, Killian"]
[Result "0-1"]
[WhiteElo "2080"]
[BlackElo "2257"]
[PlyCount "66"]
[EventDate "2017.05.01"]
[WhiteTeam "Manchester Manticores 2"]
[BlackTeam "Gonzaga"]

1. d4 Nf6 2. Bf4 g6 3. e3 Bg7 4. Nf3 d6 5. c4 O-O 6. Be2 Nbd7 7. h3 b6 8. Nc3
Bb7 9. O-O Ne4 10. Nxe4 Bxe4 11. Bg3 e5 12. dxe5 dxe5 13. Nd2 Bb7 14. Bf3 Qc8
15. Bxb7 Qxb7 16. Qc2 f5 17. e4 Nc5 18. exf5 gxf5 19. b4 Ne6 20. Nb3 a5 21. c5
axb4 22. Qc4 Qc6 23. Rac1 b5 24. Qxb4 Rxa2 25. Rfd1 Rfa8 26. Rd2 R2a4 27. Qc3
Rc4 28. Qb2 f4 29. Bh4 f3 30. g3 Rxh4 31. gxh4 e4 32. Qb1 Nf4 33. Kh1 Qe6 0-1

[Event "4NCL Division 3 North"]
[Site "Wakefield, ENG"]
[Date "2017.05.01"]
[Round "11.33"]
[White "Li, Henry"]
[Black "Newton, Robert A"]
[Result "1-0"]
[WhiteElo "2232"]
[BlackElo "2035"]
[PlyCount "75"]
[EventDate "2017.05.01"]
[WhiteTeam "Gonzaga"]
[BlackTeam "Manchester Manticores 2"]

1. e4 c5 2. Nc3 g6 3. f4 Bg7 4. Nf3 a6 5. a4 Nc6 6. Bc4 e6 7. O-O Nge7 8. Qe1
b6 9. d3 Bb7 10. Bd2 Nd4 11. Nxd4 cxd4 12. Nd1 d5 13. Bb3 a5 14. f5 gxf5 15.
exf5 exf5 16. Bg5 f6 17. Bf4 Kf7 18. Qf2 Qc8 19. Qxd4 Qc5 20. Be3 Rac8 21. Nc3
Rhd8 22. Nb5 Kf8 23. Qf4 d4 24. Nxd4 Rxd4 25. Qxd4 Qc6 26. Rf2 f4 27. Qxf4 Ng6
28. Qc4 Qxc4 29. Bxc4 Ne5 30. Bxb6 Ng4 31. Be6 Rc6 32. Bxg4 Rxb6 33. b3 f5 34.
Rxf5+ Kg8 35. Re1 Bd4+ 36. Kf1 Kg7 37. Re7+ Kg6 38. Rf4 1-0

[Event "4NCL Division 3 North"]
[Site "Wakefield, ENG"]
[Date "2017.05.01"]
[Round "11.34"]
[White "Webster, Richard J"]
[Black "Freeman, Gordon"]
[Result "0-1"]
[WhiteElo "2020"]
[BlackElo "2113"]
[PlyCount "56"]
[EventDate "2017.05.01"]
[WhiteTeam "Manchester Manticores 2"]
[BlackTeam "Gonzaga"]

1. c4 e5 2. Nc3 Nf6 3. Nf3 Nc6 4. g3 Bc5 5. Bg2 d6 6. O-O a6 7. d3 h6 8. a3 O-O
9. e3 Ba7 10. b3 Bd7 11. Bb2 Qc8 12. Qc2 Bh3 13. Nd5 Nxd5 14. cxd5 Bxg2 15.
Kxg2 Ne7 16. e4 Ng6 17. h3 f5 18. Rac1 fxe4 19. dxe4 Rf7 20. Ne1 Qd7 21. Nd3
Raf8 22. Rcd1 Rf3 23. Rd2 Nh4+ 24. Kh2 Rxg3 25. fxg3 Rxf1 26. gxh4 Rh1+ 27.
Kxh1 Qxh3+ 28. Rh2 Qf1# 0-1

[Event "4NCL Division 3 North"]
[Site "Wakefield, ENG"]
[Date "2017.05.01"]
[Round "11.35"]
[White "Murray, David"]
[Black "Reed, John"]
[Result "1-0"]
[WhiteElo "2148"]
[BlackElo "2012"]
[PlyCount "75"]
[EventDate "2017.05.01"]
[WhiteTeam "Gonzaga"]
[BlackTeam "Manchester Manticores 2"]

1. e4 e5 2. Nf3 Nc6 3. Bb5 a6 4. Ba4 d6 5. c3 Bd7 6. O-O Nf6 7. d4 b5 8. Bc2 g6
9. a4 Bg7 10. d5 Ne7 11. Qe2 O-O 12. Bd3 c6 13. dxc6 Bxc6 14. Nbd2 Qb6 15. Rd1
Qb7 16. Ne1 d5 17. exd5 Nfxd5 18. Ne4 Rfd8 19. axb5 axb5 20. Rxa8 Qxa8 21. Bxb5
Bxb5 22. Qxb5 Nf4 23. Rxd8+ Qxd8 24. Bxf4 exf4 25. h3 h6 26. Nd3 f3 27. g3 Qa8
28. Nd2 Qa1+ 29. Nf1 Bf6 30. Ne5 Bxe5 31. Qxe5 Nf5 32. b4 Qd1 33. g4 Nh4 34.
Qd4 Qxd4 35. cxd4 Kf8 36. Kh2 Ke7 37. Kg3 g5 38. Ne3 1-0

[Event "4NCL Division 3 North"]
[Site "Wakefield, ENG"]
[Date "2017.05.01"]
[Round "11.36"]
[White "Collins, Richard A"]
[Black "Moran, Stephen"]
[Result "0-1"]
[WhiteElo "1967"]
[BlackElo "2117"]
[PlyCount "124"]
[EventDate "2017.05.01"]
[WhiteTeam "Manchester Manticores 2"]
[BlackTeam "Gonzaga"]

1. e4 e6 2. d4 d5 3. e5 c5 4. c3 Nc6 5. Nf3 Qb6 6. a3 Nh6 7. Bd3 cxd4 8. cxd4
Nf5 9. Bxf5 exf5 10. O-O Be6 11. Nc3 Be7 12. b4 O-O 13. Na4 Qd8 14. Nc5 b6 15.
Nxe6 fxe6 16. Bb2 b5 17. Rc1 Qb6 18. Qd2 Rac8 19. Bc3 Nb8 20. Ne1 Rc4 21. Nd3
Rfc8 22. Nc5 Bxc5 23. dxc5 Qa6 24. Bb2 Rxc1 25. Rxc1 Qa4 26. Qc2 Qxc2 27. Rxc2
Nc6 28. f4 Kf7 29. Kf2 h6 30. Bc3 Rb8 31. Rd2 a6 32. Kf3 Ke8 33. h4 Kd7 34. g3
Ra8 35. g4 fxg4+ 36. Kxg4 Ne7 37. h5 Kc6 38. Kf3 Nf5 39. Rd3 Nh4+ 40. Kg3 Nf5+
41. Kf3 Rd8 42. Bd2 Rg8 43. Kf2 g6 44. hxg6 Rxg6 45. Rh3 d4 46. Be1 Rg8 47. Bd2
Kd5 48. Be1 Ke4 49. Bd2 Rg4 50. Rb3 Nh4 51. Kf1 d3 52. Rb2 Nf5 53. Kf2 h5 54.
Rb1 Rg8 55. Rc1 h4 56. c6 h3 57. Re1+ Kd5 58. c7 Rg2+ 59. Kf3 Nd4+ 60. Ke3 Nc2+
61. Kxd3 Nxe1+ 62. Bxe1 Rg8 0-1

[Event "4NCL Division 3 North"]
[Site "Wakefield, ENG"]
[Date "2017.05.01"]
[Round "11.41"]
[White "Carpenter, Martin"]
[Black "Dong, Bao Nghia"]
[Result "0-1"]
[WhiteElo "2103"]
[BlackElo "2103"]
[PlyCount "58"]
[EventDate "2017.05.01"]
[WhiteTeam "Jorvik"]
[BlackTeam "Ashfield Breadsall 1"]

1. e4 e6 2. d4 d5 3. Nc3 dxe4 4. Nxe4 Bd7 5. Nf3 Bc6 6. Bd3 Nd7 7. O-O Ngf6 8.
Qe2 Be7 9. Rd1 O-O 10. Nxf6+ Nxf6 11. Ne5 Qd5 12. Nxc6 Qxc6 13. c4 Rfe8 14. Bf4
Rad8 15. Rac1 a6 16. d5 exd5 17. cxd5 Qa4 18. Bxc7 Rxd5 19. Bg3 Qxa2 20. Qc2
Rc5 21. Bc4 Rec8 22. Qe2 Rxc4 23. Rxc4 Qxc4 24. Qxe7 Qd5 25. Re1 Qb5 26. Be5
Re8 27. Qd6 Qxb2 28. h3 Ne4 29. Bd4 Nxd6 0-1

[Event "4NCL Division 3 North"]
[Site "Wakefield, ENG"]
[Date "2017.05.01"]
[Round "11.42"]
[White "Willow, Jonah B"]
[Black "White, Mark W"]
[Result "1-0"]
[WhiteElo "2110"]
[BlackElo "2028"]
[PlyCount "105"]
[EventDate "2017.05.01"]
[WhiteTeam "Ashfield Breadsall 1"]
[BlackTeam "Jorvik"]

1. e4 c5 2. Nf3 Nc6 3. d4 cxd4 4. Nxd4 Nf6 5. Nc3 e5 6. Ndb5 d6 7. Bg5 a6 8.
Na3 b5 9. Nd5 Be7 10. Bxf6 Bxf6 11. c4 b4 12. Nc2 a5 13. Qf3 Bg5 14. h4 Be7 15.
Rd1 Ra7 16. c5 Bxh4 17. cxd6 Bg5 18. Bb5 Bd7 19. Nc7+ Rxc7 20. dxc7 Qxc7 21.
Qd3 Ke7 22. Qc4 Rc8 23. Qc5+ Ke6 24. Ba6 Ne7 25. Bc4+ Kf6 26. Rd6+ Be6 27. Qxc7
Rxc7 28. Bxe6 fxe6 29. Kd1 Rc4 30. Re1 Nc6 31. Rd7 Kg6 32. Rc7 Bd8 33. Rc8 Bg5
34. Ne3 Rd4+ 35. Ke2 Ne7 36. Rc5 Rxe4 37. Kd3 Rd4+ 38. Kc2 Re4 39. Rxa5 Nd5 40.
Ra6 Kf7 41. Rf1 Ke7 42. Ra7+ Kd6 43. Nxd5 exd5 44. Rxg7 h6 45. Rf7 d4 46. Kd3
Rg4 47. g3 Kd5 48. Rd7+ Kc5 49. Re1 Bf6 50. Rc1+ Kb5 51. Rd5+ Ka4 52. Rc6 e4+
53. Kc4 1-0

[Event "4NCL Division 3 North"]
[Site "Wakefield, ENG"]
[Date "2017.05.01"]
[Round "11.43"]
[White "Carpenter, James M"]
[Black "Halfpenny, Glenn"]
[Result "1-0"]
[WhiteElo "1930"]
[BlackElo "2057"]
[PlyCount "39"]
[EventDate "2017.05.01"]
[WhiteTeam "Jorvik"]
[BlackTeam "Ashfield Breadsall 1"]

1. e4 c5 2. Nf3 e6 3. d4 cxd4 4. Nxd4 Nc6 5. Nc3 Qc7 6. Be3 Nf6 7. f4 Nxd4 8.
Qxd4 Ng4 9. O-O-O Nxe3 10. Qxe3 a6 11. e5 b5 12. Ne4 Bb7 13. Nd6+ Bxd6 14. exd6
Qa5 15. Kb1 O-O 16. Bd3 Bd5 17. b3 Qb4 18. f5 Qxd6 19. f6 gxf6 20. Qh6 1-0

[Event "4NCL Division 3 North"]
[Site "Wakefield, ENG"]
[Date "2017.05.01"]
[Round "11.44"]
[White "Garnett, John S"]
[Black "Hodge, Steve R"]
[Result "1-0"]
[WhiteElo "1973"]
[BlackElo "1872"]
[PlyCount "55"]
[EventDate "2017.05.01"]
[WhiteTeam "Ashfield Breadsall 1"]
[BlackTeam "Jorvik"]

1. d4 f5 2. Bg5 g6 3. Nc3 Bg7 4. h4 h6 5. Bf4 Nf6 6. Qd3 d6 7. e4 fxe4 8. Nxe4
Bf5 9. Nxf6+ Bxf6 10. Qd2 Bg7 11. Bc4 Nd7 12. Ne2 e5 13. Be3 Qe7 14. O-O-O Nb6
15. Bb3 Be6 16. dxe5 dxe5 17. Qd3 Bf5 18. Qc3 Be6 19. Bxe6 Qxe6 20. Qxc7 O-O
21. Nc3 Rac8 22. Qd6 Qc4 23. Qxg6 Rc6 24. Rd6 Rxd6 25. Qxd6 e4 26. Bxh6 Rxf2
27. Bxg7 Kxg7 28. Qg3+ 1-0

[Event "4NCL Division 3 North"]
[Site "Wakefield, ENG"]
[Date "2017.05.01"]
[Round "11.45"]
[White "Mounce, Richard B"]
[Black "Truman, Richard G"]
[Result "1/2-1/2"]
[WhiteElo "1937"]
[BlackElo "1941"]
[PlyCount "63"]
[EventDate "2017.05.01"]
[WhiteTeam "Jorvik"]
[BlackTeam "Ashfield Breadsall 1"]

1. e4 c5 2. Nf3 e6 3. d4 cxd4 4. Nxd4 Nf6 5. Nc3 d6 6. Be3 a6 7. a4 Nc6 8. Be2
Be7 9. O-O O-O 10. Nb3 Na5 11. Nd4 Qc7 12. Qd3 Bd7 13. Bd2 Rac8 14. Qg3 Kh8 15.
Kh1 Nc4 16. Bc1 d5 17. Qxc7 Rxc7 18. exd5 exd5 19. Bf4 Rcc8 20. Bf3 Nxb2 21.
Nxd5 Nxd5 22. Bxd5 Bf6 23. Be3 Nxa4 24. Bxb7 Rb8 25. Bxa6 Rb4 26. Rfd1 Bg4 27.
f3 Bc8 28. Bxc8 Rxc8 29. Rd2 Re8 30. Bf2 h6 31. g4 Rd8 32. c3 1/2-1/2

[Event "4NCL Division 3 North"]
[Site "Wakefield, ENG"]
[Date "2017.05.01"]
[Round "11.46"]
[White "Burke, Steven J"]
[Black "Cowan, Richard M"]
[Result "1-0"]
[WhiteElo "1900"]
[BlackElo "1892"]
[PlyCount "71"]
[EventDate "2017.05.01"]
[WhiteTeam "Ashfield Breadsall 1"]
[BlackTeam "Jorvik"]

1. d4 Nf6 2. Nf3 g6 3. g3 Bg7 4. Bg2 d6 5. O-O O-O 6. c4 Nbd7 7. Nc3 c5 8. b3
a6 9. Bb2 Rb8 10. dxc5 Nxc5 11. b4 Ne6 12. Qb3 b5 13. cxb5 axb5 14. Nd5 Nxd5
15. Bxg7 Kxg7 16. Qxd5 Bb7 17. Qd3 Qb6 18. Rfc1 Rfc8 19. Bh3 f5 20. Qb3 Kf6 21.
Qb2+ Kf7 22. Qb3 Bxf3 23. Qxf3 Nd4 24. Qd3 e5 25. e3 Nf3+ 26. Kh1 e4 27. Qd5+
Ke7 28. g4 Rxc1+ 29. Rxc1 Qb7 30. Rc6 Rd8 31. gxf5 gxf5 32. Bxf5 Ne5 33. Qe6+
Kf8 34. Rxd6 Re8 35. Qf6+ Nf7 36. Rd7 1-0

[Event "4NCL Division 3 North"]
[Site "Wakefield, ENG"]
[Date "2017.05.01"]
[Round "11.51"]
[White "Clark, Robert G"]
[Black "Reeve, Andy K"]
[Result "1/2-1/2"]
[WhiteElo "2018"]
[BlackElo "2155"]
[PlyCount "22"]
[EventDate "2017.05.01"]
[WhiteTeam "Holmes Chapel"]
[BlackTeam "3Cs 2"]

1. c4 d6 2. Nc3 Nf6 3. g3 e5 4. Bg2 Be7 5. d3 O-O 6. Nf3 Nbd7 7. O-O c6 8. b4
d5 9. cxd5 cxd5 10. Qb3 d4 11. Nd5 Nxd5 1/2-1/2

[Event "4NCL Division 3 North"]
[Site "Wakefield, ENG"]
[Date "2017.05.01"]
[Round "11.52"]
[White "Adams, Philip"]
[Black "Bennett, Patrick"]
[Result "1/2-1/2"]
[WhiteElo "2057"]
[BlackElo "2008"]
[PlyCount "45"]
[EventDate "2017.05.01"]
[WhiteTeam "3Cs 2"]
[BlackTeam "Holmes Chapel"]

1. e4 g6 2. d4 Bg7 3. Nf3 d6 4. c3 Nf6 5. Bd3 O-O 6. O-O Nbd7 7. Re1 e5 8. Nbd2
c6 9. Nf1 Qc7 10. Ng3 Re8 11. h3 Nf8 12. a4 a5 13. Be3 Be6 14. Qc2 h6 15. Rad1
N8d7 16. Bf1 d5 17. Nxe5 Nxe5 18. dxe5 Nxe4 19. Nxe4 dxe4 20. Qxe4 Bb3 21. Ra1
Qxe5 22. Qxe5 Rxe5 23. Ra3 1/2-1/2

[Event "4NCL Division 3 North"]
[Site "Wakefield, ENG"]
[Date "2017.05.01"]
[Round "11.53"]
[White "Doran, Chris"]
[Black "Burton, Graham P"]
[Result "1/2-1/2"]
[WhiteElo "1977"]
[BlackElo "2005"]
[PlyCount "57"]
[EventDate "2017.05.01"]
[WhiteTeam "Holmes Chapel"]
[BlackTeam "3Cs 2"]

1. e4 c5 2. Nf3 e6 3. Nc3 a6 4. d4 cxd4 5. Nxd4 Qc7 6. Bd3 Nc6 7. Be3 Nf6 8.
O-O b5 9. Nxc6 Qxc6 10. f3 Bc5 11. Qe1 d6 12. Kh1 Bxe3 13. Qxe3 O-O 14. a4 b4
15. Ne2 e5 16. c3 bxc3 17. Nxc3 Be6 18. Rfc1 Qb7 19. Qe2 Rfc8 20. a5 Rc5 21.
Nd1 Rxc1 22. Rxc1 Qb4 23. Ra1 Nd7 24. Ne3 Nc5 25. Bc4 Bxc4 26. Nxc4 Nb3 27. Rd1
Nd4 28. Qd3 Rb8 29. h3 1/2-1/2

[Event "4NCL Division 3 North"]
[Site "Wakefield, ENG"]
[Date "2017.05.01"]
[Round "11.54"]
[White "Burke, Mitchell R"]
[Black "Turner, John M"]
[Result "1-0"]
[WhiteElo "2012"]
[BlackElo "2019"]
[PlyCount "45"]
[EventDate "2017.05.01"]
[WhiteTeam "3Cs 2"]
[BlackTeam "Holmes Chapel"]

1. e4 c5 2. Nc3 Nc6 3. f4 g6 4. Nf3 Bg7 5. Bb5 Nd4 6. O-O Nxb5 7. Nxb5 d6 8. d3
Nf6 9. Qe1 O-O 10. Qh4 Bg4 11. Nc3 Bxf3 12. Rxf3 e6 13. f5 Nd7 14. Bg5 Bf6 15.
Rh3 h5 16. Rg3 Kg7 17. Rf1 Bxg5 18. Rxg5 Kh6 19. f6 Nxf6 20. Rxf6 Qxf6 21.
Rxh5+ Kg7 22. Rh7+ Kg8 23. Qxf6 1-0